000 00448nam a2200133Ia 4500
008 221007s9999 xx 000 0 und d
041 _aeng
082 _bMAT
100 _aMathew Sharon - 2k141077; Dr.Rachana Shikhare - Guide & [Company Name] - L&T Infotech
_9103752
245 _aStudy Of The Credibility Of Utilizing Big Data in Various Domains
260 _cSep-15
_bSavitribai Phule Pune University
_aPune
300 _a80p
906 _bGeneral
999 _c75085
_d75085